• 首页
  • 本馆介绍
  • 公告通知
  • 最新文献
  • 馆藏检索
  • 电子资源
  • 读者导购
  • 参考咨询
  • 我的图书馆
  • 登录
  • 详细信息显示
  • 放入我的书架
  • 预约/预借图书
  • 作者相关作品
  • 分类相关作品
  • 丛书相关作品
  • 出版社相关作品

书目信息

  • 表格格式
  • 工作单格式
  • 卡片格式
题名:
中华树艺苑创意作品篇
    
 
作者: 江泽慧 主编 ;林斌 , 林杰 编著
分册:  
出版信息: 北京   中国林业出版社  2013
页数: 178页
开本: 26×26cm
丛书名: 中华树艺系列丛书
单 册:
中图分类: S68-64
科图分类:
主题词: 园林树木--观赏园艺--中国--图集 , 园林树木 , 观赏园艺
电子资源:
ISBN: 978-7-5038-7013-2
000 01122nam0 2200301 450
001 012015000797
005 20150914162452.67
010    @a978-7-5038-7013-2@b精装@dCNY188.00
100    @a20140429d2013 em y0chiy50 ea
101 0  @achi
102    @aCN@b110000
105    @aa z 000yy
106    @ar
200 1  @a中华树艺苑创意作品篇@Azhong hua shu yi yuan chuang yi zuo pin pian@f江泽慧主编@g林斌,林杰编著
210    @a北京@c中国林业出版社@d2013
215    @a178页@d26×26cm
225 1  @a中华树艺系列丛书
330    @a本书展现了上百例国内较优秀的树艺创意作品,对从事树艺创作和制作的人员有一定的指导意义。本书富有中国文化特色的文字、动物等形象作品,也展现了中国传统文化和园艺风采,同时具有观赏性和艺术性,对园林造景工作者有较强的指导意义。
461  0 @12001 @a中华树艺系列丛书
606 0  @a园林树木@x观赏园艺@y中国@j图集
606 0  @a园林树木
606 0  @a观赏园艺
690    @aS68-64@v5
701  0 @a江泽慧@Ajiang ze hui@c(女,@f1938~)@4主编
702  0 @a林斌@Alin bin@c(园林)@4编著
702  0 @a林杰@Alin jie@c(园林)@4编著
801  0 @aCN@b碧洲教育@c20150718
905    @a10447@f3@dS68-64@e358
    
    中华树艺苑创意作品篇/江泽慧主编/林斌,林杰编著.-北京:中国林业出版社,2013
    178页;26×26cm.-(中华树艺系列丛书)
    
    
    ISBN 978-7-5038-7013-2(精装):CNY188.00
    本书展现了上百例国内较优秀的树艺创意作品,对从事树艺创作和制作的人员有一定的指导意义。本书富有中国文化特色的文字、动物等形象作品,也展现了中国传统文化和园艺风采,同时具有观赏性和艺术性,对园林造景工作者有较强的指导意义。
●
相关链接 在E读中查询图书 在五车中查询图书 在当当中查询图书 在豆瓣中查询图书


正题名:中华树艺苑创意作品篇     索取号:S68-64/358         预约/预借

序号 登录号 条形码 馆藏地/架位号 状态 备注
1 0847995   208479957   第二样本阅览室/ [索取号:S68-64/358] 在馆    
2 0847996   208479966   第三借阅区/ [索取号:S68-64/358] 在馆    
3 0847997   208479975   密集书库-生命科学系/ [索取号:S68-64/358] 在馆    
唐山师范学院图书馆 欢迎您!
大连网信软件有限公司© 版权所有